Papermaking Science and Technology Book 1: Economics of the Pulp and Paper Industry

Enregistré dans:
Détails bibliographiques
Autres auteurs: Diesen Magnus
Format: Livre
Langue:anglais
Publié: Helsinki Fapet Oy 1998
Sujets:
Accès en ligne:Voir à l'OPAC
Tags: Ajouter un tag
Pas de tags, Soyez le premier à ajouter un tag!

MARC

LEADER 00000nam a2200000 a 4500
005 20260127133926.0
008 060327 1998 fi 000 0 eng d
020 |a 9525216012 
035 |a vtls008639752 
039 9 |y 200603271207  |z mschk03 
040 |a STUSCHK1  |b slo  |c STUSCHK1  |e AACR2 
080 |a 676(03) 
245 1 |a Papermaking Science and Technology  |b Book 1: Economics of the Pulp and Paper Industry 
260 |a Helsinki  |b Fapet Oy  |c 1998 
300 |a 186 p. 
650 0 |a papermaking science  |x technology 
700 1 |a Diesen Magnus 
910 |a SCHK95 
919 |a 952-5216-01-2 
999 |c 182  |d 182